logo

Bir Sreshtho Munshi Abdur Rouf Library
Jhenaidah Cadet College

The king of torts / (Record no. 12824)

MARC details
000 -LEADER
fixed length control field 00941nam a2200313 a 4500
001 - CONTROL NUMBER
control field 12824
003 - CONTROL NUMBER IDENTIFIER
control field BD-JhCC
005 - DATE AND TIME OF LATEST TRANSACTION
control field 20230517095420.0
008 - FIXED-LENGTH DATA ELEMENTS--GENERAL INFORMATION
fixed length control field 230517s20042003nyu 000 1 eng d
010 ## - LIBRARY OF CONGRESS CONTROL NUMBER
LC control number 2004573914
Canceled/invalid LC control number 2003269436
020 ## - INTERNATIONAL STANDARD BOOK NUMBER
International Standard Book Number 0440241537 (pbk.) :
Terms of availability $7.99
035 ## - SYSTEM CONTROL NUMBER
System control number (BD-JhCC)12824
040 ## - CATALOGING SOURCE
Original cataloging agency OCO
Transcribing agency OCO
Modifying agency OCLCQ
-- DLC
-- BD-JhCC
042 ## - AUTHENTICATION CODE
Authentication code lccopycat
043 ## - GEOGRAPHIC AREA CODE
Geographic area code n-us-dc
050 00 - LIBRARY OF CONGRESS CALL NUMBER
Classification number CPB Box no. 2171 vol. 7
082 ## - DEWEY DECIMAL CLASSIFICATION NUMBER
Classification number 813.54
Item number GRI 2023
100 1# - MAIN ENTRY--PERSONAL NAME
Personal name Grisham, John.
245 14 - TITLE STATEMENT
Title The king of torts /
Statement of responsibility, etc. John Grisham.
250 ## - EDITION STATEMENT
Edition statement Dell domestic mass market ed.
260 ## - PUBLICATION, DISTRIBUTION, ETC.
Place of publication, distribution, etc. New York :
Name of publisher, distributor, etc. Dell,
Date of publication, distribution, etc. 2004, c2003.
300 ## - PHYSICAL DESCRIPTION
Extent 472 p. ;
Dimensions 18 cm.
650 #0 - SUBJECT ADDED ENTRY--TOPICAL TERM
Topical term or geographic name entry element Pharmaceutical industry
Form subdivision Fiction.
651 #0 - SUBJECT ADDED ENTRY--GEOGRAPHIC NAME
Geographic name Washington (D.C.)
Form subdivision Fiction.
655 #7 - INDEX TERM--GENRE/FORM
Genre/form data or focus term Legal stories.
Source of term gsafd
655 #7 - INDEX TERM--GENRE/FORM
Genre/form data or focus term Suspense fiction.
Source of term gsafd
710 2# - ADDED ENTRY--CORPORATE NAME
Corporate name or jurisdiction name as entry element Copyright Paperback Collection (Library of Congress)
Institution to which field applies DLC
942 ## - ADDED ENTRY ELEMENTS (KOHA)
Source of classification or shelving scheme Dewey Decimal Classification
Koha item type Books
Holdings
Withdrawn status Lost status Source of classification or shelving scheme Damaged status Not for loan Home library Current library Shelving location Date acquired Source of acquisition Total Checkouts Full call number Barcode Date last seen Date last checked out Copy number Price effective from Koha item type
    Dewey Decimal Classification     JCC Rouf Library JCC Rouf Library General Stacks 05/17/2023 Major General Md. Shafeenul Islam.ndc,psc 1 813.54 GRI 2023 17606 11/14/2024 09/09/2024 C-1 05/17/2023 Books

JCC Library | Contacts | JCC Home

Last Update on 23 September 2017
Copyright @ 2017-2020 JCC Rouf Library
Rouf Library, Jhenidah Cadet College (JCC), Bangladesh